Nové techniky a technologie výroby a rozšiřování informačních pramenů /

Hlavní autor: Lehečka, Miroslav
Korporativní autor: Univerzita Karlova. Filozofická fakulta
Jazyk: Čeština
Vydáno: Praha : Univerzita Karlova, 1988
Vydání: 1. vyd.
Edice: Učební texty vysokých škol
Témata:
Fyzický popis: 96 s.
Knihy
Uloženo v:
LEADER 01234nam a22003252a 4500
001 000072389
003 CZ BrMZK
005 20260205101226.0
007 ta
008 950101s1988 xr f cze d
015 |a cnb000040748 
035 |a (OCoLC)39429123 
040 |a BOA001  |b cze 
080 9 |a 621.391(075.8):378.4 
100 1 |a Lehečka, Miroslav  |7 js20080504014  |4 aut 
245 1 0 |a Nové techniky a technologie výroby a rozšiřování informačních pramenů /  |c Miroslav Lehečka 
250 |a 1. vyd. 
260 |a Praha :  |b Univerzita Karlova,  |c 1988 
300 |a 96 s. 
490 1 |a Učební texty vysokých škol 
504 |a Obsahuje bibliografii 
550 |a Vyd.: Univerzita Karlova, Filozofická fakulta 
710 2 |a Univerzita Karlova.  |b Filozofická fakulta  |7 kn20010710340 
810 2 |a Univerzita Karlova.  |b Filozofická fakulta.  |t Učební texty  |0 s 
910 |a BOA001  |b 4-0937.011  |b TK-A-0236.652 
964 |a Informace - zdroje - učebnice - školy vysoké 
990 |a BK 
991 |b 200801 
996 6 |b 2619960383  |c 4-0937.011  |l MZK  |r Sklad / do 1 hodiny  |n 0  |w 000072389  |u 000010  |a 1  |e BOA001  |j MZK50  |s P 
996 7 |b 2629965845  |c TK-A-0236.652  |l MZK  |r Sklad / do 24 hodin  |n 0  |w 000072389  |u 000020  |a 1  |e BOA001  |j MZK50  |s A